000 00478nam a2200157 i 4500
001 50302
003 ES-MaACL
007 t|
008 030801s1922 xxk ||||1| eng d
100 1 _aCrowther, James Arnold.
_941748
245 1 0 _aIons, electrons and ionizing radiations /
_cby James Arnold Crowther.
250 _a3rd ed.
260 _aLondon :
_bEdward Arnold,
_c1922 (
_eCambridge :
_fJ. B. Peace)
300 _aXII, 292 p. :
_bil. ;
_c22 cm.
852 _aES-MaACL
_jB-1853
999 _c50302
_d50302